00884nam a2200265 a 450000100060000000300080000600500170001400800410003102000270007203500190009904000320011804100080015008200320015810000260019024500940021625000120031026000360032230000210035850000200037950400320039965000570043165000410048865000580052965100310058762466BD-RjUL20211209081105.0170309s1986 bg b f001 0 eng  cTk100.00 ($10.00 U.S.) a(BD-RjUL)62592 aDLCcDLCdDLCdBD-RjULbeng aeng00a891.441709358bHUF 19862201 aHuda, Muhammad Nurul.10aFlaming flowers :bpoets' response to the emergence of Bangladesh /cMohammad Nurul Huda. a1st ed. aDhaka :bBangla Academy,c1986. a240 p. ;c22 cm. aIncludes index. aBibliography: p. [211]-222. 0aBengali poetryy20th centuryxHistory and criticism. 0aPolitics and literaturezBangladesh. 0aRevolutionary poetry, BengalixHistory and criticism. 0aBangladeshxIn literature.